| 000 | 01129cab a22001815a 4500 | ||
|---|---|---|---|
| 001 | L144755 | ||
| 008 | 080808e20080619xxkdo f s 000 0 eng d | ||
| 035 | _a(Sirsi) u144755 | ||
| 041 | 0 | _aeng | |
| 100 | 1 | _aSpackman, Juliet | |
| 245 | 0 | 0 | _aMaterials prices continue to push up building costs |
| 260 | _c2008 | ||
| 490 |
_aConstruction News _v(7023) 19 June 2008, 16-17(2) |
||
| 520 | _aArticle looks at the continuing rise in material prices, stating that contractor's input costs have jumped by 9.5% since June 2007. The higher than average costs have largely been caused by increases in commodity costs, including bricks, oil and metals. Positive indicators include a slight drop in timber costs and modest rises in labour costs. There are suggestions, however, that EU investment in eastern Europe and the weak pound mean that the UK is no longer as attractive a prospect for overseas workers. Reduced numbers of overseas workers could lead to labour cost inflation, which would have adverse effects for the construction sector. | ||
| 651 | 4 |
_aUnited Kingdom _y |
|
| 690 | _aBUILT ENVIRONMENT-BUILDING COSTS | ||
| 942 | _n0 | ||
| 999 |
_c80576 _d80576 |
||